[Event "Orsha A 2021"]
[Site "Orsha"]
[Date "2021.04.08"]
[Round "5.6"]
[White "Ulasevich, Sergei"]
[Black "Poliakova, Varvara"]
[Result "1/2-1/2"]
[WhiteElo "2170"]
[BlackElo "1918"]
[Annotator "TA"]
[PlyCount "235"]
[EventDate "2021.04.06"]
[EventType "swiss"]
[EventCountry "BLR"]
[SourceTitle "playchess.com"]
[Source "ChessBase"]
[SourceQuality "1"]

{[%evp 19,235,16,20,28,41,36,51,41,32,41,39,33,47,31,50,0,3,-21,-16,-18,-16,-8,-16,-7,0,0,37,30,44,39,43,16,77,36,87,71,60,60,85,62,74,82,75,50,61,56,62,0,0,-87,55,0,87,87,100,100,98,81,102,96,97,77,122,122,118,116,126,125,104,80,82,79,79,79,79,79,82,82,82,82,93,90,95,90,84,84,89,64,72,66,72,60,70,76,81,67,94,81,100,99,99,81,90,81,200,156,228,159,160,60,63,63,64,65,68,24,24,0,62,62,68,68,68,0,38,0,32,31,31,24,33,25,29,0,0,0,0,0,0,0,0,0,0,0,0,0,22,22,22,22,22,22,38,38,38,24,38,0,38,31,38,38,38,25,38,24,38,8,8,8,38,38,38,24,38,8,8,0,0,0,0,0,0,0,0,0,0,-8,-8,-8,162,162,12547,10019,162,162,1863,1352,12849,10118,5431,8,8,8,8,8,8,8,8,8,8,8,8,8,8,8,8,8]} 1. e4 e5 2. Nf3 Nc6 3. Bb5 a6 4. Ba4 Nf6 5. O-O Be7 6. d3 b5 7. Bb3 O-O 8. a4 Bb7 9. Re1 d6 10. Nbd2 {[%cal Bb1d2,Bd2f1,Bf1e3,Be3f5][%mdl 32]} Re8 11. Nf1 {C88: Closed Ruy Lopez: Anti-Marshall Systems.} Bf8 12. Bg5 h6 13. Bh4 {White is slightly better.} Nb8 {[%cal Bc6b8,Bb8d7,Bd7c5][%mdl 32] [#]} 14. Ne3 $146 ({Predecessor:} 14. c4 b4 15. c5 dxc5 16. Ne3 Bc8 17. Nd5 Nbd7 18. a5 Be7 19. Ne3 Nh7 20. Bxe7 Qxe7 {½-½ (50) Friedrich,G (1856)-Ilzig,G (1939) GER email 2016}) 14... Nbd7 15. c3 c6 16. h3 Qc7 17. Qd2 Nh5 18. Nf5 Nc5 19. Bc2 Nxa4 20. Bxa4 bxa4 21. Rxa4 Bc8 22. Ne3 Nf4 23. Bg3 Ng6 24. Rea1 f6 25. Ne1 Be7 (25... d5 $11 {remains equal.}) 26. N1c2 Bb7 (26... d5 $14) 27. Nb4 a5 28. Nbc2 Reb8 29. Nc4 d5 30. Nxa5 dxe4 31. dxe4 Bc8 32. b4 Be6 33. Nd4 Qd7 $11 {[%mdl 64] Pin} 34. Ndb3 (34. Nab3 $11 Rxa4 35. Rxa4) 34... Qe8 (34... c5 $1 $17 35. b5 Qxb5) 35. Qe3 (35. f3 $14) 35... Rd8 (35... Bxb3 $11 {keeps the balance.} 36. Nxb3 Rxa4 37. Rxa4 c5) 36. Nc5 $36 {[%mdl 2048] White is really pushing.} Bf7 37. Kh2 Nf8 38. f3 Ne6 39. Nxe6 Bxe6 40. Qb6 Bd7 41. Nb7 {[%cal Rb7d8]} Rdb8 {White must now prevent ...Bd8.} 42. Rxa8 Rxa8 43. Rxa8 Qxa8 44. Qc7 (44. Bf2 {looks sharper.} Bc8 45. Na5 Bd7 46. Be3 Bd8 47. Qc5) 44... Qc8 45. Qxc8+ Bxc8 {[%mdl 4096] Endgame KBB-KBN} 46. Na5 Bd7 47. Bf2 Kf7 48. Kg1 Bd6 49. Bb6 Ke6 50. Kf2 Be8 51. Nb3 g6 52. Bc5 Bc7 53. g4 Bd8 54. h4 h5 55. Kg3 Bc7 56. Nd2 Bf7 57. Nc4 Kd7 58. Ne3 Be8 59. Kf2 Ke6 60. Ke2 Bd8 61. Kd3 g5 (61... Kf7 $16) 62. Nf5 hxg4 (62... gxh4 $16 {is a better defense.} 63. gxh5 (63. Nxh4 hxg4 64. fxg4 Bd7 $14) 63... Bxh5) 63. fxg4 gxh4 {[#]} 64. Nxh4 ({White should try} 64. Ng7+ $1 $16 Kd7 65. Nxe8) 64... Bd7 65. Nf5 Bc7 66. Ke3 Bc8 67. Kf3 Ba6 68. Ke3 Bc4 (68... Bc8 $11) 69. Kd2 $14 Bb5 70. Ne3 Kf7 71. Nf5 (71. c4 $5 {[%cal Rc4b5]} Ba6 72. Kd3 $16) 71... Ke6 72. Ke3 Kf7 73. Kf3 (73. Nh4 {keeps more tension.} Bc4 74. Kd2 Ke6 75. Nf3 Kf7 76. g5) 73... Ke6 74. Kg2 Bd3 75. Ng3 Kf7 76. Kh3 Kg6 77. Kg2 Bc2 78. Be3 Bd1 79. Kh3 Bb3 80. Kh4 Bd8 {...f5+ is the strong threat.} 81. Kh3 Bc4 82. Kg2 Bd3 83. Kf2 Be7 84. Ke1 Kf7 85. Kd2 Bc4 86. Nf5 Ke6 87. Bb6 Ba6 88. Be3 Bc4 89. Bh6 Ba6 90. Ke3 Bc4 91. Kf3 Ba6 92. Bd2 Bd3 93. Be1 Bf8 94. Bh4 Be7 95. Ke3 Bc4 96. Kd2 Ba6 97. Ne3 Kf7 98. Be1 Bf8 99. Kc2 Be2 100. c4 Bh6 101. Nf5 Bf8 102. Kc3 Bxg4 103. b5 cxb5 104. cxb5 Bxf5 $2 (104... Be2 $11 {and Black has nothing to worry.}) 105. exf5 $11 {KB-KB} Bc5 $2 (105... Ke7 106. Kc4 Kd8) 106. Kc4 $18 Bg1 107. Kd5 {And now Bb4 would win.} Ke7 $2 (107... Ke8 108. Bd2 Kd7) 108. Bh4 Bd4 {[#]} 109. Kc6 $1 Bg1 110. b6 $2 (110. Bg3 $18 {aiming for Be1.} Bd4 111. Be1) 110... Bxb6 $1 $11 {The position is equal.} 111. Kxb6 Kd6 $1 112. Bxf6 {KB-KP} e4 113. Kb5 {White threatens Kc4 and mate.} e3 114. Bh4 {Intending Kc4 and mate.} e2 115. Kc4 e1=Q 116. Bxe1 {Kd4 would kill now.} Ke5 117. Bc3+ (117. f6 $5 Kxf6 $11) 117... Kxf5 118. Kd5 {Blacks defense is rewarded with a draw.  Weighted Error Value: White=0.13/Black=0.18} 1/2-1/2

[Event "Orsha A 2021"]
[Site "Orsha"]
[Date "2021.04.08"]
[Round "5.7"]
[White "Spizharny, Mikhail"]
[Black "Baisheva, Nyurguiaana"]
[Result "1-0"]
[WhiteElo "2153"]
[BlackElo "1701"]
[Annotator "TA"]
[PlyCount "97"]
[EventDate "2021.04.06"]
[EventType "swiss"]
[EventCountry "BLR"]
[SourceTitle "playchess.com"]
[Source "ChessBase"]
[SourceQuality "1"]

{[%evp 16,97,28,35,41,31,37,44,92,91,207,214,203,219,216,200,198,210,204,162,197,191,196,165,221,209,220,220,208,222,235,235,230,237,374,459,461,461,461,461,485,481,477,473,449,472,503,385,790,787,784,761,782,566,733,725,780,678,676,676,681,651,687,682,677,670,668,655,812,809,807,779,764,732,897,815,987,966,1043,1002,29995,1107,29990,29991]} 1. e4 g6 2. d4 d6 3. Nc3 Bg7 4. Nge2 c6 5. a4 Nd7 6. g3 Ngf6 7. Bg2 O-O 8. O-O e5 9. h3 Ne8 {B07: Pirc Defence: Miscellaneous Systems.} 10. Be3 f5 {[#]} 11. exf5 $146 ({Predecessor:} 11. f4 Nb6 12. Qd3 Be6 13. b3 fxe4 14. Nxe4 d5 15. Nc5 e4 16. Qd2 Qe7 17. Qb4 {0-1 (51) Radojicic,A (1873)-Najdanovic,V (1628) Novi Sad 2018}) 11... Rxf5 {White is slightly better.} 12. d5 Qc7 {[#]} (12... c5 $16) 13. dxc6 $1 $18 bxc6 {[#]} 14. Nb5 $1 {[%cal Rb5c7][%mdl 512]} Qb7 15. Nxd6 Nxd6 16. Qxd6 Rf6 17. Qd2 Nb6 18. b3 Nd5 19. Bg5 Rf8 (19... Rf7 $142 20. Rad1 (20. c4 Nc7 $16) 20... Be6) 20. Rad1 Be6 21. Nc3 Nxc3 22. Qxc3 Bd5 23. Qc5 {[%cal Rd1d5]} Bxg2 24. Kxg2 Qb6 (24... Rf7 $142 25. Qc4 c5+ 26. Kg1 Re8) 25. Qc4+ Kh8 26. Rd7 c5 27. Rfd1 Qc6+ 28. Qd5 Qxd5+ 29. R1xd5 ({Less strong is} 29. R7xd5 c4 $18) 29... Rfc8 30. Rf7 h6 31. Be3 c4 $2 (31... Bf8 32. Rxe5 Kg8) 32. Rdd7 Bf8 33. Rxa7 Rab8 34. Rab7 cxb3 35. cxb3 g5 36. Kf3 Ra8 37. Kg4 Ra6 38. Kh5 Kg8 39. Rfc7 Rd8 40. Rb5 Rda8 41. Rd7 Bg7 42. Rbb7 Bf8 43. Ra7 R6xa7 44. Bxa7 {KRB-KRB} Rc8 45. Rb7 Rc2 46. Be3 Ra2 47. Kg6 Ra1 48. Rb5 (48. Rb8 $142 Ra2 49. Bc5 Rxf2 50. Bxf2 h5 51. Bc5 Kh8 52. Rxf8#) 48... Ra3 49. Rb8 {White took control after the opening.  Weighted Error Value: White=0.17/Black=0.23} 1-0

[Event "Orsha A 2021"]
[Site "Orsha"]
[Date "2021.04.08"]
[Round "5.8"]
[White "Sarychev, Sergey"]
[Black "Siniauski, Artsiom"]
[Result "0-1"]
[WhiteElo "1904"]
[BlackElo "2277"]
[Annotator "TA"]
[PlyCount "64"]
[EventDate "2021.04.06"]
[EventType "swiss"]
[EventCountry "BLR"]
[SourceTitle "playchess.com"]
[Source "ChessBase"]
[SourceQuality "1"]

{[%evp 15,64,26,44,27,48,44,61,57,100,73,83,79,96,89,87,0,0,0,0,0,15,-39,-42,-54,20,0,0,1,9,0,0,-186,-156,-285,-171,-368,-366,-362,-259,-304,-299,-617,-600,-708,-712,-839,-847,-893,-837,-834,-826]} 1. d4 Nf6 2. c4 e6 3. Nc3 Bb4 4. e3 c5 5. Nge2 cxd4 6. exd4 d5 7. a3 Bxc3+ $1 {[%mdl 4] now scores much better than the old 7...Be7.} 8. Nxc3 Nc6 9. c5 {E42: Nimzo-Indian: Rubinstein: 4...c5 5 Ne2.} b6 10. b4 bxc5 11. dxc5 {White is slightly better.} d4 {[#]} 12. Bb5 $146 ({Predecessor:} 12. Nb5 O-O 13. Nd6 Ne8 14. Bb5 Nxd6 15. Bxc6 Bb7 16. Bxb7 Nxb7 17. c6 Nd6 18. Qxd4 {1-0 (52) Saidy,A (2332)-Dahlhaus,F (2151) Halle 2004}) 12... Bb7 13. Ne2 e5 14. O-O O-O 15. f4 (15. Bc4 $16) 15... a6 $1 $11 {[%cal Ra6b5]} 16. Bxc6 Bxc6 17. fxe5 Qd5 $1 {[%csl Gc6,LRe5,LRg2][%cal Rd5g2][%mdl 64] [#] Double Attack} 18. Nf4 ({Better is} 18. Rf3 $11 Qxe5 19. Bf4 (19. Nxd4 $2 Bxf3 20. gxf3 a5 $17)) 18... Qxe5 $15 19. Re1 Be4 (19... Ne4 $15 20. Nd3 Qe6) 20. Ra2 Rad8 21. Nd3 Qd5 22. Rae2 Rfe8 23. Bf4 $2 {[#]} (23. Bb2 $11 {and White stays safe.}) 23... Qf5 $19 24. Qa4 (24. Bc7 $17 Bxd3 25. Re5) 24... Rf8 25. Bd6 $2 (25. Rxe4 Nxe4 26. c6) 25... Bxd3 26. Re5 Qd7 27. Qd1 Bb5 28. Bxf8 $2 (28. Qxd4 Rfe8 29. Qf4) 28... Kxf8 {Black is clearly winning.} 29. Qd2 d3 30. Kh1 Qd4 31. Re7 Bc6 32. a4 Ne4 {Weighted Error Value: White=0.64/Black=0.19} 0-1

[Event "Orsha A 2021"]
[Site "Orsha"]
[Date "2021.04.09"]
[Round "6.1"]
[White "Aleksandrov, Aleksej"]
[Black "Navumenka, Mikhei"]
[Result "1-0"]
[WhiteElo "2563"]
[BlackElo "2052"]
[Annotator "TA"]
[PlyCount "183"]
[EventDate "2021.04.06"]
[EventType "swiss"]
[EventCountry "BLR"]
[SourceTitle "playchess.com"]
[Source "ChessBase"]
[SourceQuality "1"]

{[%evp 22,183,31,29,45,32,24,0,0,-12,-11,-8,-16,-14,-6,-36,-18,-31,-22,-16,-18,-22,-11,-26,-8,-25,0,-6,-9,-7,-8,-12,-9,-4,17,24,38,25,26,31,25,25,26,32,64,61,64,70,67,54,61,45,45,38,37,37,197,195,189,161,222,188,184,177,162,166,166,162,186,147,149,134,134,134,137,120,138,139,133,126,123,104,133,122,129,115,115,108,108,104,129,108,158,158,237,237,237,227,208,209,215,196,197,201,196,196,170,172,164,116,118,118,116,116,118,118,118,79,122,122,130,130,184,157,245,244,208,157,220,204,217,212,549,555,566,516,755,787,787,780,706,727,718,728,668,633,818,812,989,1006,1073,1050,932,882,5627,3483,29961,29965,29976,29977,29977,29978,29978,29979]} 1. d4 Nf6 2. c4 e6 3. Nc3 d5 4. cxd5 exd5 5. Bg5 Be7 6. e3 c6 7. Bd3 O-O 8. Qc2 Nbd7 9. Nge2 Re8 10. O-O Nf8 11. f3 Be6 {The old main line.} 12. Rad1 a6 {D36: Queen's Gambit Declined: Exchange Variation: Main line (5 Bg5 c6 6 Qc2).} 13. Kh1 Rc8 {[#]} 14. Qb1 $146 ({Predecessor:} 14. a3 b5 15. Nf4 h6 16. Bh4 N6d7 17. Bxe7 Rxe7 18. Qf2 Nb6 19. Nce2 Nc4 20. Ng3 g6 {1-0 (33) Rodshtein,M (2687)-Dervishi,E (2564) Baku 2016}) 14... b5 {The position is equal.} 15. b4 a5 16. a3 axb4 17. axb4 Qd6 18. Na2 Ng6 {With the idea ...Ng4.} 19. Nf4 Nxf4 20. Bxf4 Qd7 21. Nc1 h6 22. Bg3 Qa7 23. Rd2 Ra8 24. Ra2 Qb7 25. Be1 Rxa2 26. Qxa2 Ra8 27. Qc2 Nd7 28. Nb3 Rc8 29. Bc3 Nb6 30. Nc5 Bxc5 31. dxc5 Nc4 32. Qf2 Qc7 33. Ra1 Re8 34. Bd4 f6 35. Kg1 Qd7 36. Bg6 Bf7 37. Bb1 Qe7 38. Ra2 Qe6 $2 ({Wrong is} 38... Nxe3 $2 39. Re2 $18) (38... Kf8 $14) 39. Qc2 $1 $18 {[%cal Rc2h7] Black must now prevent Qh7+.} g6 40. Qf2 Kg7 (40... Kh7 $142 41. h3 h5) 41. Qg3 Kh7 42. Bd3 ({Much less strong is} 42. Ra7 $6 Re7 $16) 42... Ne5 43. Bc2 Nc4 44. Bb1 Re7 45. h4 {h5 is the strong threat.} h5 46. Qf4 Ne5 47. Kf2 Kg7 48. Ke2 Be8 49. Bc2 Bf7 50. Bb3 Qd7 51. Kd2 Qe6 52. Kc3 Qd7 53. Bd1 {Hoping for g4.} Qf5 54. Qxf5 gxf5 55. Ra6 Rc7 56. Ra8 Ng6 57. Rd8 Ne5 {[#]} (57... Re7 $16 58. f4 Nxh4) 58. Rd6 $1 Be8 59. Bc2 Bd7 60. f4 Ng4 61. Kb3 Kf7 62. Bd1 Be6 63. Bf3 Ke7 64. Bxg4 fxg4 {[%mdl 4096] Endgame KRB-KRB} 65. f5 Bxf5 66. Bxf6+ Kf7 {[#]} 67. Be5 $1 Be4 68. Rf6+ {[%mdl 64] Discovered Attack} Ke7 69. g3 Rc8 70. Rh6 Kd7 71. Rxh5 Rf8 (71... Ke6 $16 {keeps fighting.} 72. Bf4 Rf8 73. Rh6+ Rf6) 72. Bf4 Rf7 (72... Ke6 $16 73. Rh6+ Rf6) 73. Rh6 d4 74. exd4 Bd5+ (74... Rf5 $16 {was called for.} 75. Rg6 Bf3 76. Rg7+ Ke6) 75. Kc3 Ke8 76. Rg6 Bf3 $2 (76... Ra7 77. h5 (77. Rxg4 Ra3+ 78. Kd2 Rb3 $18) 77... Ra3+ 78. Kd2 Ra2+ 79. Ke3 Ra3+ 80. Kf2 Ra2+ 81. Ke3 Ra3+ 82. Kf2 Ra2+ 83. Kf1 Ra1+ 84. Kf2 Ra2+) 77. h5 Rf5 78. h6 {Intending h7 and mate.} Rh5 79. Rg7 Be4 80. Rxg4 Kf7 81. Rg7+ Ke6 82. Kd2 Rh1 83. g4 Rh3 84. g5 Kf5 85. Rf7+ Kg4 86. Be3 Rh2+ 87. Ke1 {Strongly threatening Rf4+.} Rh1+ 88. Rf1 Rxf1+ 89. Kxf1 {White mates.} Kh5 90. d5 cxd5 91. c6 Kg6 92. c7 {Weighted Error Value: White=0.06/Black=0.15} 1-0

[Event "Orsha A 2021"]
[Site "Orsha"]
[Date "2021.04.09"]
[Round "6.2"]
[White "Barseghyan, Armen Ar."]
[Black "Stupak, Kirill"]
[Result "1/2-1/2"]
[WhiteElo "2358"]
[BlackElo "2501"]
[Annotator "TA"]
[PlyCount "144"]
[EventDate "2021.04.06"]
[EventType "swiss"]
[EventCountry "BLR"]
[SourceTitle "playchess.com"]
[Source "ChessBase"]
[SourceQuality "1"]

{[%evp 9,143,18,39,29,54,51,50,45,51,42,46,38,51,53,50,0,50,52,58,24,57,42,44,47,60,34,24,-36,-35,-32,-39,-31,-26,-42,-44,-34,-45,-34,-36,-22,-34,-126,-109,-122,-104,-104,-104,-108,-116,-115,-95,-96,-97,-104,-120,-104,-120,-168,-170,-175,-170,-188,-191,-186,-187,-227,-218,-220,-220,-266,-229,-459,-459,-634,-473,-459,-122,-122,-122,-122,-122,-122,-122,-122,0,-95,-95,-122,-122,-122,-122,-122,0,0,0,0,0,-122,0,-38,0,-95,-95,-95,0,0,0,-8,-8,-8,0,-5,0,0,0,0,0,0,0,0,0,0,0,0,0,0,0,0,0,0,0,0,0,0,0,0]} 1. d4 f5 2. Nf3 Nf6 3. g3 e6 4. c4 d5 5. Bf4 {[#]} Ne4 $146 ({Predecessor:} 5... Bd6 6. e3 O-O 7. Bg2 Bd7 8. Qc2 Bxf4 9. exf4 Bc6 10. c5 Nbd7 11. O-O a5 12. a3 a4 {1-0 (42) Lysyj,I (2631)-Ulybin,M (2496) Cheliabinsk 2018}) 6. Nc3 {A84: Dutch Defence: 2 c4 Miscellaneous.} Be7 7. h4 O-O 8. e3 {White is slightly better.} c6 9. Bd3 Nd7 10. Qc2 Ndf6 11. Ne5 Nd7 12. Nf3 Ndf6 13. O-O Ng4 14. Rab1 a5 15. Ne5 Nxe5 16. Bxe5 Bd7 17. Ne2 Nd6 18. c5 (18. Nf4 $11) 18... Nf7 $15 19. Bf4 b6 20. cxb6 Qxb6 21. g4 {[%cal Rg4f5]} c5 22. dxc5 ({Don't go for} 22. gxf5 $2 c4 $19) 22... Bxc5 {Strongly threatening ...e5.} 23. Bg3 {[%cal Rg4f5]} ({Much weaker is} 23. gxf5 e5 $17) 23... Nh6 24. g5 Ng4 25. Qb3 (25. Nf4 $15) 25... Qxb3 $17 26. axb3 e5 $1 27. Rfd1 f4 28. exf4 exf4 29. Nxf4 {[#]} Nxf2 $1 {[%mdl 512]} 30. Bxf2 Bxf2+ 31. Kxf2 {Black must now prevent Kg3.} Rxf4+ {[%mdl 64] Double Attack} 32. Ke3 Rxh4 33. Rh1 Re8+ 34. Kd2 {[#]} Rd4 {Hoping for ...Bf5!} 35. Kc3 {[#]} Rxd3+ {[%mdl 576] Remove Defender} 36. Kxd3 $19 {[%mdl 4096] Endgame Threatens to win with Ra1. KRR-KRB} Bf5+ 37. Kd4 {And now Ra1 would win.} Bxb1 38. Rxb1 {KR-KR} Rb8 39. g6 hxg6 40. Kxd5 $2 (40. Kc3 {was the only chance.}) 40... Rxb3 41. Ke4 a4 42. Ra1 Rxb2 $2 (42... Rb4+ $19 43. Kd3 g5) 43. Rxa4 $17 Rf2 44. Ra1 Kf7 45. Ke3 Rf5 46. Ke4 Rf2 47. Ke3 $1 {[#]} Rf6 $1 48. Rg1 Rf5 49. Ke4 Kf6 50. Ra1 Ke7 (50... Kg5 $17 51. Rg1+ Kh6) 51. Ra7+ $11 Kf8 (51... Kd8 $11) 52. Ra8+ $17 Kf7 53. Ra1 $1 Rf2 (53... Kf6 $17) 54. Ke3 $1 $15 Rf6 ({Black should play} 54... Rh2 $15) 55. Rg1 $1 $17 Kg8 56. Rg2 Rf1 ({Black should try} 56... Kf8 $17) 57. Rxg6 $11 {The position is equal.} Kf7 (57... Rf7 {is more complex.} 58. Rg1 Rf5 59. Rh1 Ra5 60. Rg1 Kf7) 58. Rg2 (58. Rg5 {keeps more tension.} Kf6 59. Rg2 Rb1 60. Kf3 Rb3+ 61. Kg4) 58... Kf6 59. Ke2 Rf5 (59... Rf4 {feels hotter.} 60. Ke3 Ra4 61. Kf3 g6 62. Kg3 Kg5) 60. Ke3 g6 61. Rf2 Rxf2 (61... Ke5 {is more complex.} 62. Rxf5+ gxf5 63. Kf3 f4 64. Ke2 Ke4) 62. Kxf2 {KP-K} Kf5 63. Kf3 Kg5 (63... g5 $5) 64. Kg3 Kf5 65. Kf3 g5 66. Kg3 g4 67. Kg2 Kf4 68. Kf2 g3+ 69. Kg2 Kg4 70. Kg1 Kf3 {( -> ...g2)} 71. Kf1 g2+ 72. Kg1 Kg3 {And White is the lucky defender.  Weighted Error Value: White=0.18/Black=0.22} 1/2-1/2

[Event "Orsha A 2021"]
[Site "Orsha"]
[Date "2021.04.09"]
[Round "6.3"]
[White "Sargsyan, Anna M."]
[Black "Apryshko, Gleb"]
[Result "1-0"]
[WhiteElo "2380"]
[BlackElo "2391"]
[Annotator "TA"]
[PlyCount "61"]
[EventDate "2021.04.06"]
[EventType "swiss"]
[EventCountry "BLR"]
[SourceTitle "playchess.com"]
[Source "ChessBase"]
[SourceQuality "1"]

{[%evp 9,61,59,67,55,56,50,59,50,51,39,42,49,55,19,32,12,18,-24,13,0,0,0,0,0,0,-7,-3,-133,-91,-340,-318,-352,-285,-253,0,-7,0,0,77,70,180,160,616,596,608,604,659,647,657,648,641,633,591,576]} 1. d4 e6 2. e4 Ne7 3. Nf3 g6 4. h4 h6 5. Bf4 d6 {[#]} 6. Qd2 $146 {C01: French: Exchange Variation.} ({Predecessor:} 6. Nc3 b6 7. d5 Bg7 8. dxe6 fxe6 9. e5 d5 10. Qd2 Qd7 11. O-O-O Ba6 12. Bxa6 Nxa6 {½-½ (62) Pang,T (2367)-Afanasiev,N (2516) Orsha 2020}) 6... Bg7 7. Nc3 Nd7 8. O-O-O {White is slightly better.} a6 {[%cal Ba7a6,Ba6a5,Ba5a4,Ba4a3][%mdl 32]} 9. Kb1 b5 {[%cal Bb7b5,Bb5b4][%mdl 32]} 10. Bd3 Bb7 11. Bg3 b4 12. Ne2 a5 13. Nh2 d5 14. exd5 Nxd5 15. h5 $1 {[%cal Rh5g6]} g5 16. f4 a4 17. Nf3 {[%cal Rf4g5]} a3 {White must now prevent ...axb2.} 18. fxg5 (18. b3 $1 $11 {remains equal.}) 18... axb2 $17 {...c5 is the strong threat.} 19. g6 $2 {[#]} (19. c4 $17 bxc3 20. Nxc3) 19... Rxa2 $3 $19 {[%mdl 512] Strongly threatening ...Qa8.} 20. gxf7+ (20. Kxa2 $2 {loses.} Qa8+ 21. Kxb2 Qa3+ 22. Kb1 Nc3+ 23. Nxc3 bxc3 $19) (20. Bc4 Ra3) 20... Kxf7 {Hoping for ...Qa8.} 21. Bc4 (21. Kxa2 $2 {perishes.} Qa8+ 22. Kxb2 Qa3+ 23. Kb1 Ra8 $19) 21... Ra1+ (21... Ra3 $1 $19 22. Kxb2 c5) 22. Kxb2 $11 Rxd1 23. Rxd1 N7b6 {[#]} (23... Re8 $11) 24. Bb3 $1 $36 {[%mdl 2048] White has good play.} c5 {[#]} ({Wrong is} 24... Qa8 $2 25. Ra1 $18) (24... Rf8 $14) 25. Qd3 $1 $18 {[%cal Rd3g6]} Bf6 $2 (25... c4 $16 26. Qg6+ Kg8) 26. Ne5+ {White is clearly winning.} Ke7 27. Ng6+ Kf7 28. Nxh8+ Qxh8 29. Bd6 {[%csl Gh5][%cal Rd3g6]} Qg7 {If only Black now had time for ...c4....} 30. Bxc5 Nd7 31. Bd6 {Weighted Error Value: White=0.19/Black=0.54} 1-0

[Event "Orsha A 2021"]
[Site "Orsha"]
[Date "2021.04.09"]
[Round "6.4"]
[White "Zarubitski, Viachaslau"]
[Black "Spizharny, Mikhail"]
[Result "1-0"]
[WhiteElo "2456"]
[BlackElo "2153"]
[Annotator "TA"]
[PlyCount "119"]
[EventDate "2021.04.06"]
[EventType "swiss"]
[EventCountry "BLR"]
[SourceTitle "playchess.com"]
[Source "ChessBase"]
[SourceQuality "1"]

{[%evp 10,119,42,34,51,45,38,17,71,18,15,23,42,33,39,32,22,28,26,29,24,28,36,18,18,23,16,10,29,18,18,17,20,20,16,17,16,15,18,18,18,21,14,14,22,22,53,42,45,31,36,29,107,107,107,107,263,263,246,224,478,471,469,422,412,433,420,391,1041,992,29971,29972,29973,29974,29974,29975,29975,29976,29973,29977,29977,29978,29978,29979,29975,29980,29980,29981,29980,29981,29982,29983,29983,29984,29984,29985,29985,29986,29986,29987,29987,29988,29988,29989,29989,29990,29990,29991,29991,29992,29992,29992]} 1. e4 Nf6 2. e5 Nd5 3. d4 d6 4. Nf3 dxe5 5. Nxe5 c6 6. Be2 Bf5 {B04: Alekhine's Defence: 4 Nf3.} 7. O-O Nd7 8. Nf3 e6 (8... Nb4 $11) 9. Re1 (9. c4 $16 N5f6 10. Nh4) 9... Be7 {[#]} 10. a3 $146 ({Predecessor:} 10. c3 O-O 11. Nbd2 Nf4 12. Nc4 Nxe2+ 13. Qxe2 c5 14. Be3 Qc7 15. Nce5 Nxe5 16. Nxe5 {0-1 (52) Potapov,P (2500)-Bernadskiy,V (2586) Pardubice 2018}) 10... O-O 11. c4 N5f6 12. Nc3 Ne4 13. Nxe4 Bxe4 14. Bf4 a5 15. Qd2 h6 16. Qe3 Bf5 17. Rad1 a4 18. Ne5 Nxe5 19. Bxe5 Bf6 20. Qc3 Qe7 21. Bf3 Rfd8 22. d5 cxd5 23. Bxf6 Qxf6 24. Qxf6 gxf6 25. cxd5 exd5 26. Bxd5 Rd7 27. Bf3 Rad8 28. Rxd7 (28. h4 {with more complications.} Kf8 29. Rxd7 Rxd7 30. Rd1 Rc7 31. Rd8+) 28... Rxd7 $14 {[%mdl 4096] Endgame KRB-KRB} 29. h3 Kg7 30. Rd1 b5 (30... Rc7 $11) 31. Rxd7 $16 Bxd7 {KB-KB} 32. Kf1 f5 $2 {[#] This move loses the game for Black.} (32... Kf8 $16) 33. Ke2 $18 Kf6 34. Kd3 Ke5 (34... Kg5 {was necessary.} 35. Kd4 h5) 35. Kc3 f4 36. h4 f5 37. Kb4 Kd4 38. Be2 Bc6 $2 {[#]} (38... Ke4 39. Kc5 (39. Bxb5 Bxb5 40. Kxb5 f3 $14) 39... f3 40. gxf3+ Kf4) 39. Bxb5 Bxb5 40. Kxb5 {KP-KP. White mates.} Kd3 41. Kxa4 Ke2 42. f3 Kf2 43. b4 Kxg2 44. b5 Kxf3 {K3P-K3P} 45. b6 Kg2 46. b7 f3 47. b8=Q f2 48. Qb7+ Kg1 49. Qb6 f4 50. Qd4 h5 51. Qxf4 f1=Q 52. Qxf1+ Kxf1 {KPP-KP} 53. Kb3 Kg2 54. a4 Kh3 55. a5 Kxh4 56. a6 Kg3 57. a7 h4 58. a8=Q h3 59. Qh1 h2 60. Kc3 {Weighted Error Value: White=0.04/Black=0.28} 1-0